000 00663nam a2200241Ia 4500
003 OSt
005 20221005122842.0
006 a|||||r|||| 00| 0
007 ta
008 221004b |||||||| |||| 00| 0 eng d
024 _a39778
037 _cTextual
040 _aCRL
_cCRL
_beng
041 _2eng
_aeng
082 _aO:3M88:9, J4
100 _aGordon Ian A
_959741
245 0 _aKatherine Mansfield
260 _c1954
490 _aBibliographical series of supplements to 'British Book News' on writers and their work
650 _aENGLISH LITERATURE
942 _hO:3M88:9, J4
_cTEXL
_2cc
999 _c1045607
_d1045607